Les 50 pays les plus peuplés - Statistiques

Statistiques générales
  • Ce quiz a été pris 274 fois
  • Le résultat moyen est 41 sur 50
Réponses sur la Carte
Les réponses sont colorées sur une échelle allant du rouge au vert en fonction du pourcentage des utilisateurs qui les ont devinées à leur premier essai. Vous pouvez retrouver ces pourcentages ci-dessous.
 
Statistiques - réponses
Réponse % Correct
Brésil
99%
Chine
99%
États-Unis
99%
France
99%
Russie
99%
Inde
98%
Algérie
97%
Allemagne
97%
Canada
97%
Espagne
97%
Argentine
96%
Italie
96%
Japon
95%
Maroc
95%
Mexique
95%
Afrique du Sud
94%
Royaume-Uni
94%
Égypte
92%
République Démocratique du Congo
92%
Turquie
92%
Indonésie
91%
Ukraine
91%
Colombie
87%
Pologne
87%
Corée du Sud
85%
Pakistan
85%
Thaïlande
85%
Arabie Saoudite
84%
Iran
83%
Nigeria
82%
Pérou
81%
Irak
80%
Éthiopie
79%
Vietnam
79%
Afghanistan
78%
Philippines
78%
Bangladesh
75%
Soudan
75%
Malaisie
74%
Angola
72%
Kenya
68%
Madagascar
67%
Birmanie
65%
Tanzanie
63%
Yémen
62%
Côte d'Ivoire
57%
Mozambique
56%
Ghana
49%
Ouganda
48%
Ouzbékistan
47%
Aucun quiz correspondant
Distribution des résultats
% des personnes avec chaque résultat
Percentile par nombre de réponses
Votre historique - résultats
Vous n’avez pas pris ce quiz